Entry Personal Name
Number of records used in: 1
001 - CONTROL NUMBER
003 - CONTROL NUMBER IDENTIFIER
005 - DATE AND TIME OF LATEST TRANSACTION
- control field:
20231205152440.0
008 - FIXED-LENGTH DATA ELEMENTS
- fixed length control field:
160513n| azannaabn |n aaa c
010 ## - LIBRARY OF CONGRESS CONTROL NUMBER
- LC control number:
no2016065438
035 ## - SYSTEM CONTROL NUMBER
- System control number:
(OCoLC)oca10473049
040 ## - CATALOGING SOURCE
- Original cataloging agency:
InU
- Language of cataloging:
eng
- Description conventions:
rda
- Transcribing agency:
InU
100 1# - HEADING--PERSONAL NAME
- Personal name:
Horrie, Clare
670 ## - SOURCE DATA FOUND
- Source citation:
Horrie, Clare. When the office went to war, 2015:
- Information found:
title page (Clare Horrie)